[Event "European Online Chess Club Cup 2021 - G"]
[Site "Tornelo.com"]
[Date "2021.03.27"]
[Round "3.2"]
[White "Valuet, Bertrand"]
[Black "Bromann, Thorbjorn"]
[Result "0-1"]
[WhiteElo "2217"]
[BlackElo "2392"]
[PlyCount "72"]
[EventDate "2021.03.27"]
[EventType "team"]
[EventRounds "9"]
[WhiteTeam "Echiquier de Franconville"]
[BlackTeam "Bronshoj Skakforening"]

1. e4 g6 2. d4 Bg7 3. Nc3 d6 4. Be3 a6 5. Qd2 Nd7 6. Nf3 b5 7. h4 h5 8. Ng5 Bb7
9. Bd3 c5 10. d5 Ngf6 11. f3 Rc8 12. Nd1 O-O 13. Nf2 c4 14. Be2 c3 15. bxc3
Nxd5 16. Bd4 Nxc3 17. Bxg7 Kxg7 18. g4 Nf6 19. gxh5 Nxh5 20. Bd3 d5 21. e5 Qc7
22. Ng4 Rh8 23. Rg1 Qc5 24. Kf1 Rc6 25. e6 Nf6 26. Ne5 Rxh4 27. exf7 Nce4 28.
Bxe4 Nxe4 29. Nxe4 dxe4 30. Nxc6 Bxc6 31. fxe4 Qc4+ 32. Ke1 Rxe4+ 33. Kd1 Rd4
34. Rxg6+ Kxf7 35. Rxc6 Rxd2+ 36. Kxd2 Qxc6 0-1

[Event "European Online Chess Club Cup 2021 - G"]
[Site "Tornelo.com"]
[Date "2021.03.27"]
[Round "3.3"]
[White "Laursen, Niels Norskov"]
[Black "Appendino, Jerome"]
[Result "1-0"]
[WhiteElo "2228"]
[BlackElo "2175"]
[PlyCount "61"]
[EventDate "2021.03.27"]
[EventType "team"]
[EventRounds "9"]
[WhiteTeam "Bronshoj Skakforening"]
[BlackTeam "Echiquier de Franconville"]

1. e4 c5 2. Nf3 d6 3. d4 cxd4 4. Nxd4 Nf6 5. Nc3 a6 6. Be2 e6 7. Be3 Be7 8. f4
Qc7 9. O-O O-O 10. a4 Nc6 11. Kh1 Bd7 12. Nb3 Na5 13. e5 Ne8 14. Nxa5 Qxa5 15.
Bd4 Bc6 16. Bf3 Rc8 17. Qe1 Qc7 18. a5 Bxf3 19. Rxf3 dxe5 20. fxe5 Bc5 21. Bxc5
Qxc5 22. Qg3 g6 23. Raf1 Qxa5 24. Ne4 Rxc2 25. Ng5 f5 26. exf6 Rxf6 27. Rxf6
Nxf6 28. Qb8+ Kg7 29. Nxe6+ Kh6 30. Qf4+ Kh5 31. Ng7# 1-0

[Event "European Online Chess Club Cup 2021 - G"]
[Site "Tornelo.com"]
[Date "2021.03.27"]
[Round "3.4"]
[White "Ould Ahmed, Samy"]
[Black "Hald Falkesgaard, Jeppe"]
[Result "1-0"]
[WhiteElo "2110"]
[BlackElo "1986"]
[PlyCount "37"]
[EventDate "2021.03.27"]
[EventType "team"]
[EventRounds "9"]
[WhiteTeam "Echiquier de Franconville"]
[BlackTeam "Bronshoj Skakforening"]

1. e4 c5 2. Nf3 e6 3. d4 cxd4 4. Nxd4 Nc6 5. Nc3 Qc7 6. Be3 a6 7. Qd2 Be7 8. f3
Nf6 9. g4 Nxd4 10. Bxd4 b5 11. O-O-O Bb7 12. Kb1 Rc8 13. g5 Nh5 14. Be5 Qc6 15.
Bd3 Bd6 16. Bxb5 axb5 17. Bxd6 Qc4 18. a3 Bc6 19. b3 1-0

[Event "European Online Chess Club Cup 2021 - G"]
[Site "Tornelo.com"]
[Date "2021.03.27"]
[Round "4.2"]
[White "Mihok, Oliver"]
[Black "Eljanov, Pavel"]
[Result "0-1"]
[WhiteElo "2547"]
[BlackElo "2672"]
[PlyCount "152"]
[EventDate "2021.03.27"]
[EventType "team"]
[EventRounds "9"]
[WhiteTeam "KSK Rochade Eupen"]
[BlackTeam "Greco-Notary Chess Team"]

1. e4 c6 2. d4 d5 3. Nd2 dxe4 4. Nxe4 Bf5 5. Ng3 Bg6 6. Bc4 Nf6 7. N1e2 e6 8.
O-O Bd6 9. f4 Bf5 10. Nxf5 exf5 11. Ng3 g6 12. Re1+ Kf8 13. Qf3 h5 14. Nh1 Na6
15. Nf2 Nb4 16. Bb3 a5 17. a3 Nbd5 18. c4 Nc7 19. h3 Ne6 20. Be3 Qb6 21. d5 Nd4
22. Bxd4 Qxd4 23. dxc6 Qxf4 24. cxb7 Rb8 25. Qxf4 Bxf4 26. Ba4 Rxb7 27. Bb5 Kg7
28. Rad1 Bg3 29. Re3 Bb8 30. Re2 Ba7 31. Kf1 h4 32. b4 Nh5 33. Nh1 Nf4 34. Red2
Be3 35. Rd6 axb4 36. axb4 Rhb8 37. Re1 Bb6 38. Bc6 Ra7 39. c5 Bc7 40. Rd4 Ra2
41. Rd7 Bd8 42. b5 Bf6 43. b6 Rc2 44. b7 Rxc5 45. Bf3 Rb5 46. Nf2 Rd8 47. Rc7
Rd2 48. Rc8 Rdb2 49. Ree8 Rb1+ 50. Nd1 Rxb7 51. Bxb7 Rxd1+ 52. Re1 Rd3 53. Rce8
Bd4 54. Rd8 Nh5 55. Ke2 Nf4+ 56. Kf1 Rd2 57. Rb1 Rf2+ 58. Ke1 Nxg2+ 59. Bxg2
Rxg2 60. Rb7 Bc3+ 61. Kf1 Rg3 62. Rdd7 Rxh3 63. Rxf7+ Kh6 64. Rb3 Rf3+ 65. Ke2
Rg3 66. Rc7 Be5 67. Rxg3 Bxg3 68. Rc8 g5 69. Rf8 Kg6 70. Rg8+ Kh5 71. Kf3 g4+
72. Kg2 Be5 73. Re8 h3+ 74. Kf2 g3+ 75. Kf3 g2 76. Rg8 Bd4 0-1

[Event "European Online Chess Club Cup 2021 - G"]
[Site "Tornelo.com"]
[Date "2021.03.27"]
[Round "4.1"]
[White "Banusz, Tamas"]
[Black "Mamedov, Rauf"]
[Result "1/2-1/2"]
[WhiteElo "2631"]
[BlackElo "2654"]
[PlyCount "92"]
[EventDate "2021.03.27"]
[EventType "team"]
[EventRounds "9"]
[WhiteTeam "SV 1930 Hockenheim"]
[BlackTeam "Vugar Gashimov"]

1. d4 Nf6 2. c4 g6 3. g3 c6 4. Bg2 d5 5. Nf3 Bg7 6. O-O O-O 7. Ne5 Ng4 8. cxd5
cxd5 9. Bf4 Nxe5 10. Bxe5 Bxe5 11. dxe5 Nc6 12. Qxd5 Qxd5 13. Bxd5 Nxe5 14. Na3
Bd7 15. f4 Bc6 16. Rfd1 Rfd8 17. Bb3 Ng4 18. Nc4 Bb5 19. h3 Nf6 20. a4 Ba6 21.
Ne5 e6 22. Bc4 Bxc4 23. Nxc4 Rac8 24. b3 Ne4 25. Kg2 Rd5 26. Rac1 b6 27. Kf3
Rxd1 28. Rxd1 Nc5 29. Ne5 a5 30. Rd6 Nxb3 31. Rxb6 Nd4+ 32. Ke3 Nf5+ 33. Kf2
Rc2 34. Rb8+ Kg7 35. Rb7 Nd4 36. Nxf7 Rxe2+ 37. Kf1 Ra2 38. Ng5+ Kg8 39. Rd7
Ne2 40. Ne4 h5 41. Ke1 Kf8 42. Nf6 Nxg3 43. Nh7+ Ke8 44. Nf6+ Kf8 45. Nh7+ Ke8
46. Nf6+ Kf8 1/2-1/2

[Event "European Online Chess Club Cup 2021 - G"]
[Site "Tornelo.com"]
[Date "2021.03.28"]
[Round "5.1"]
[White "Parvanyan, Ashot"]
[Black "Kryvoruchko, Yuriy"]
[Result "0-1"]
[WhiteElo "2436"]
[BlackElo "2699"]
[PlyCount "106"]
[EventDate "2021.03.27"]
[EventType "team"]
[EventRounds "9"]
[WhiteTeam "SK Doppelbauer Kiel von 1910 e.V."]
[BlackTeam "Greco-Notary Chess Team"]

1. Nf3 Nf6 2. c4 e6 3. g3 d5 4. Bg2 Be7 5. O-O O-O 6. d4 dxc4 7. Qc2 a6 8. a4
Nc6 9. Qxc4 Qd5 10. Nbd2 Rd8 11. e3 Qh5 12. h3 Nd5 13. Qe2 Bd7 14. Nc4 f6 15.
a5 Ndb4 16. Bd2 Be8 17. Bc3 Nd5 18. e4 Nxc3 19. bxc3 Na7 20. Ne3 Nb5 21. Qb2
Bc6 22. d5 exd5 23. exd5 Bd7 24. c4 Nd6 25. g4 Qh6 26. Nd4 f5 27. Ndxf5 Nxf5
28. Nxf5 Bxf5 29. gxf5 Bf6 30. Qxb7 Qf4 31. Rac1 Be5 32. Rfd1 Bd4 33. Rc2 Rab8
34. Qc6 Qxf5 35. Rcd2 Bc3 36. Rd3 Rb1 37. Rxb1 Qxd3 38. Qe6+ Kh8 39. Be4 Qd2
40. Qe7 Rg8 41. Qxc7 Bd4 42. Rf1 Rf8 43. Qg3 Bc5 44. Kg2 Qxa5 45. Bf3 Qb6 46.
Qg4 a5 47. Qe6 Qb3 48. Qe4 a4 49. Be2 Qb2 50. Kh1 a3 51. Bd3 g6 52. f4 a2 53.
d6 a1=Q 0-1

[Event "European Online Chess Club Cup 2021 - G"]
[Site "Tornelo.com"]
[Date "2021.03.28"]
[Round "5.4"]
[White "Coupet, Pascal"]
[Black "Hald Falkesgaard, Jeppe"]
[Result "1-0"]
[WhiteElo "2233"]
[BlackElo "1986"]
[PlyCount "65"]
[EventDate "2021.03.27"]
[EventType "team"]
[EventRounds "9"]
[WhiteTeam "Asnieres le grand Echiquier B"]
[BlackTeam "Bronshoj Skakforening"]

1. e4 c5 2. Nf3 e6 3. c3 Nf6 4. e5 Nd5 5. d4 Nc6 6. a3 cxd4 7. cxd4 d6 8. Bd3
Be7 9. O-O O-O 10. Qe2 b6 11. Qc2 Bb7 12. Bxh7+ Kh8 13. Bd3 dxe5 14. Nxe5 Nxd4
15. Qd1 Nf6 16. Nc3 Rc8 17. Bg5 Nf5 18. Qe2 Rc5 19. Rfe1 Nh7 20. Bxe7 Nxe7 21.
Bxh7 Kxh7 22. Rad1 Nd5 23. Qh5+ Kg8 24. Ne4 Qe7 25. Rxd5 Rxd5 26. Ng5 Qxg5 27.
Qxg5 f6 28. Qg4 fxe5 29. Qxe6+ Kh8 30. Qe7 Rfd8 31. Qxb7 Rd1 32. Qe4 Rxe1+ 33.
Qxe1 1-0

[Event "European Online Chess Club Cup 2021 - G"]
[Site "Tornelo.com"]
[Date "2021.03.28"]
[Round "6.1"]
[White "Kryvoruchko, Yuriy"]
[Black "Vasli, Aref"]
[Result "1-0"]
[WhiteElo "2699"]
[BlackElo "2384"]
[PlyCount "63"]
[EventDate "2021.03.27"]
[EventType "team"]
[EventRounds "9"]
[WhiteTeam "Greco-Notary Chess Team"]
[BlackTeam "Bronshoj Skakforening"]

1. e4 e5 2. Nf3 Nc6 3. Bb5 a6 4. Ba4 Nf6 5. O-O Be7 6. Re1 b5 7. Bb3 d6 8. c3
O-O 9. h3 Bb7 10. d4 Re8 11. Nbd2 exd4 12. cxd4 Nd7 13. Nf1 Na5 14. Bc2 Bf6 15.
Ng3 g6 16. Bh6 Nc4 17. b3 Ncb6 18. Qd2 c5 19. Rad1 cxd4 20. Nxd4 Rc8 21. Bb1
Qc7 22. Ngf5 d5 23. Bf4 Be5 24. Bxe5 Nxe5 25. Qg5 Qc5 26. Qf6 Qf8 27. Qxb6 gxf5
28. Nxf5 Ba8 29. exd5 Qb4 30. Qf6 Nf3+ 31. gxf3 Rxe1+ 32. Kg2 1-0

[Event "European Online Chess Club Cup 2021 - G"]
[Site "Tornelo.com"]
[Date "2021.03.28"]
[Round "7.1"]
[White "Kazakov, Mikhail"]
[Black "Kryvoruchko, Yuriy"]
[Result "1/2-1/2"]
[WhiteElo "2516"]
[BlackElo "2699"]
[PlyCount "103"]
[EventDate "2021.03.27"]
[EventType "team"]
[EventRounds "9"]
[WhiteTeam "Echiquier de Franconville"]
[BlackTeam "Greco-Notary Chess Team"]

1. d4 Nf6 2. c4 e6 3. Nc3 Bb4 4. e3 O-O 5. Bd2 c5 6. a3 Bxc3 7. Bxc3 Ne4 8. Rc1
Nxc3 9. Rxc3 cxd4 10. Qxd4 Nc6 11. Qd6 Qe7 12. Qxe7 Nxe7 13. Be2 b6 14. Bf3 Rb8
15. Ne2 Ba6 16. O-O Rbc8 17. Rfc1 Rc7 18. c5 Bxe2 19. Bxe2 Rfc8 20. Ba6 Rb8 21.
cxb6 Rxc3 22. Rxc3 Rxb6 23. Bf1 Rxb2 24. Rc7 Rd2 25. Rxa7 g5 26. h4 gxh4 27.
Bb5 Nc6 28. Bxc6 dxc6 29. Rc7 Rc2 30. a4 Kg7 31. a5 Kg6 32. a6 h5 33. a7 Ra2
34. Kh2 Ra1 35. Rxc6 Rxa7 36. Kh3 Ra2 37. f3 Re2 38. e4 Kg5 39. Rc5+ f5 40.
exf5 exf5 41. Rc4 Re3 42. Rc8 Re1 43. Kh2 Ra1 44. Rg8+ Kf4 45. Rh8 h3 46. Rxh5
hxg2 47. Kxg2 Ra2+ 48. Kf1 Ra5 49. Kf2 Ra2+ 50. Kf1 Ra5 51. Kf2 Ra2+ 52. Kf1
1/2-1/2

[Event "European Online Chess Club Cup 2021 - G"]
[Site "Tornelo.com"]
[Date "2021.03.28"]
[Round "7.4"]
[White "Maly, Alexey"]
[Black "Santamaria, Jorge"]
[Result "1/2-1/2"]
[WhiteElo "2371"]
[BlackElo "2185"]
[PlyCount "70"]
[EventDate "2021.03.27"]
[EventType "team"]
[EventRounds "9"]
[WhiteTeam "Greco-Notary Chess Team"]
[BlackTeam "Echiquier de Franconville"]

1. d4 Nf6 2. c4 e6 3. Nf3 d5 4. e3 Be7 5. Nbd2 O-O 6. Bd3 b6 7. O-O Bb7 8. Qe2
Nbd7 9. e4 dxe4 10. Nxe4 Nxe4 11. Bxe4 Bxe4 12. Qxe4 c5 13. Rd1 Rc8 14. b3 cxd4
15. Nxd4 Nc5 16. Qe2 Qc7 17. Bb2 a6 18. Nf3 Rfd8 19. h3 Rxd1+ 20. Rxd1 Rd8 21.
Ne5 Rxd1+ 22. Qxd1 Bf6 23. Qe2 h6 24. Nf3 Bxb2 25. Qxb2 a5 26. Qd4 Qd7 27. Qxd7
Nxd7 28. Kf1 Kf8 29. Ke2 Ke7 30. Kd2 e5 31. a3 f5 32. b4 axb4 33. axb4 g5 34.
Kc3 Kd6 35. Nd2 h5 1/2-1/2

[Event "European Online Chess Club Cup 2021 - G"]
[Site "Tornelo.com"]
[Date "2021.03.28"]
[Round "8.4"]
[White "Kusiak, Matej"]
[Black "Maly, Alexey"]
[Result "1/2-1/2"]
[WhiteElo "2251"]
[BlackElo "2371"]
[PlyCount "63"]
[EventDate "2021.03.27"]
[EventType "team"]
[EventRounds "9"]
[WhiteTeam "SK Prakovce"]
[BlackTeam "Greco-Notary Chess Team"]

1. e4 c6 2. Nc3 d5 3. Nf3 Bg4 4. h3 Bxf3 5. Qxf3 e6 6. g3 dxe4 7. Nxe4 Nd7 8.
Bg2 Ngf6 9. O-O Nxe4 10. Qxe4 Nf6 11. Qe2 Be7 12. b4 a6 13. Rb1 O-O 14. a4 Qd7
15. b5 axb5 16. axb5 Rfc8 17. bxc6 bxc6 18. Qc4 Nd5 19. d3 Bf6 20. Bd2 Rcb8 21.
Rb3 Rxb3 22. Qxb3 g6 23. Rb1 Kg7 24. h4 h5 25. Be4 Qa7 26. c4 Qa2 27. Qxa2 Rxa2
28. cxd5 cxd5 29. Bg5 dxe4 30. Bxf6+ Kxf6 31. dxe4 Re2 32. Rb4 1/2-1/2

[Event "European Online Chess Club Cup 2021 - G"]
[Site "Tornelo.com"]
[Date "2021.03.28"]
[Round "9.4"]
[White "Maly, Alexey"]
[Black "Marek, Yves"]
[Result "1/2-1/2"]
[WhiteElo "2371"]
[BlackElo "2099"]
[PlyCount "77"]
[EventDate "2021.03.27"]
[EventType "team"]
[EventRounds "9"]
[WhiteTeam "Greco-Notary Chess Team"]
[BlackTeam "Asnieres le grand Echiquier B"]

1. d4 d5 2. c4 e6 3. Nf3 c6 4. e3 f5 5. g3 Nf6 6. Bg2 Bd6 7. O-O O-O 8. b3 Qe7
9. a4 a5 10. Ba3 Bxa3 11. Nxa3 Na6 12. Nc2 Nd7 13. Nce1 Nb4 14. Nd3 Nxd3 15.
Qxd3 g5 16. Rfc1 Kg7 17. Rc2 h6 18. Rac1 Qf6 19. Qd2 Rd8 20. b4 axb4 21. Qxb4
Qf8 22. Qb3 g4 23. Ne1 Qe7 24. Nd3 h5 25. Nf4 Rh8 26. Ra1 Nf6 27. a5 h4 28.
cxd5 exd5 29. a6 hxg3 30. hxg3 Ne4 31. Bxe4 Qxe4 32. Ng2 Rh6 33. a7 b5 34. Rcc1
Bd7 35. Qc2 Qf3 36. Qd1 Qe4 37. Qc2 Qf3 38. Qd1 Qe4 39. Qc2 1/2-1/2

[Event "European Online Chess Club Cup 2021 - G"]
[Site "Tornelo.com"]
[Date "2021.03.27"]
[Round "2.1"]
[White "Stephan, Victor"]
[Black "Saric, Ivan"]
[Result "0-1"]
[WhiteElo "2430"]
[BlackElo "2648"]
[PlyCount "122"]
[EventDate "2021.03.27"]
[EventType "team"]
[EventRounds "9"]
[WhiteTeam "C'Chartres Echecs B"]
[BlackTeam "Moravska Slavia Brno A"]

1. d4 Nf6 2. c4 c5 3. d5 g6 4. Nc3 Bg7 5. e4 d6 6. h3 O-O 7. Nf3 Na6 8. Bd3 Bd7
9. O-O e5 10. dxe6 Bxe6 11. Bf4 Qb6 12. Rb1 Nb4 13. Be2 Rad8 14. a3 Nc6 15. Nd5
Qa6 16. Bg5 Nxe4 17. Bxd8 Nxd8 18. Bd3 Nf6 19. Ng5 Bxd5 20. cxd5 c4 21. Bc2 b5
22. Re1 Nb7 23. Re7 Nc5 24. Qf3 h6 25. Ne4 Nfxe4 26. Bxe4 Qa5 27. Bc2 Qd2 28.
Re2 Qg5 29. b4 Nd7 30. a4 a6 31. Qe3 Qxe3 32. Rxe3 Nb6 33. axb5 axb5 34. Be4
Ra8 35. Bf3 Be5 36. g3 Kg7 37. Kf1 f5 38. h4 g5 39. hxg5 hxg5 40. Re2 Ra3 41.
Re3 Rxe3 42. fxe3 g4 43. Bg2 Bxg3 44. Ra1 Na4 45. Ke2 Be5 46. Rf1 Kg6 47. Kd2
Bc3+ 48. Kc2 Bxb4 49. e4 fxe4 50. Bxe4+ Kg5 51. Rf8 Bc5 52. Ra8 Nb6 53. Rg8+
Kf4 54. Bg6 Nxd5 55. Bh5 Nf6 56. Rf8 Bd4 57. Be8 g3 58. Bc6 b4 59. Rf7 b3+ 60.
Kd2 c3+ 61. Kd3 c2 0-1

[Event "European Online Chess Club Cup 2021 - G"]
[Site "Tornelo.com"]
[Date "2021.03.27"]
[Round "4.1"]
[White "Anton Guijarro, David"]
[Black "Saric, Ivan"]
[Result "0-1"]
[WhiteElo "2673"]
[BlackElo "2648"]
[PlyCount "70"]
[EventDate "2021.03.27"]
[EventType "team"]
[EventRounds "9"]
[WhiteTeam "CAC Beniajan Duochess"]
[BlackTeam "Moravska Slavia Brno A"]

1. Nf3 d5 2. c4 d4 3. b4 Bg4 4. g3 Bxf3 5. exf3 e5 6. b5 Nd7 7. Bg2 Bd6 8. O-O
Nc5 9. Ba3 Nf6 10. Bxc5 Bxc5 11. Re1 O-O 12. Rxe5 d3 13. Rxc5 Qd4 14. Rxc7 Qxa1
15. Nc3 Qxd1+ 16. Nxd1 Rfc8 17. Rxc8+ Rxc8 18. Ne3 a6 19. a4 axb5 20. axb5 Nd7
21. Bh3 Rd8 22. Bxd7 Rxd7 23. Kf1 Kf8 24. Ke1 Rd8 25. Kd1 Ra8 26. Kc1 Ra2 27.
h4 g6 28. f4 Ke8 29. f5 gxf5 30. Nxf5 Rc2+ 31. Kd1 Kd7 32. Nh6 Ke6 33. f4 Rxc4
34. f5+ Kf6 35. g4 Kg7 0-1

[Event "European Online Chess Club Cup 2021 - G"]
[Site "Tornelo.com"]
[Date "2021.03.28"]
[Round "5.1"]
[White "Saric, Ivan"]
[Black "Ribbegren, Karl Johan"]
[Result "1-0"]
[WhiteElo "2648"]
[BlackElo "2185"]
[PlyCount "73"]
[EventDate "2021.03.27"]
[EventType "team"]
[EventRounds "9"]
[WhiteTeam "Moravska Slavia Brno A"]
[BlackTeam "Cercle d'Echecs de Monte-Carlo 2"]

1. e4 Nf6 2. e5 Nd5 3. d4 d6 4. Nf3 dxe5 5. Nxe5 c6 6. Be2 g6 7. c4 Nc7 8. Nc3
Bg7 9. Be3 Nd7 10. f4 Nxe5 11. fxe5 c5 12. d5 Bxe5 13. Bxc5 O-O 14. O-O Bd7 15.
Bd4 Bxd4+ 16. Qxd4 f6 17. Rad1 e5 18. Qh4 b6 19. Ne4 Bf5 20. Ng3 Bc2 21. Rd2 g5
22. Qh6 Bg6 23. Bh5 Qe8 24. Nf5 Qf7 25. g4 Ne8 26. h4 gxh4 27. Bxg6 hxg6 28.
Nxh4 Qg7 29. Qxg6 Rf7 30. Qh5 Nd6 31. Nf5 Nxf5 32. Rxf5 Qh7 33. Rh2 Raf8 34.
Kf2 Rg7 35. Qxh7+ Rxh7 36. Rxh7 Kxh7 37. g5 1-0

[Event "European Online Chess Club Cup 2021 - G"]
[Site "Tornelo.com"]
[Date "2021.03.28"]
[Round "5.1"]
[White "Skytte, Rasmus"]
[Black "Hurdzan, Tomas"]
[Result "1-0"]
[WhiteElo "2381"]
[BlackElo "2317"]
[PlyCount "47"]
[EventDate "2021.03.27"]
[EventType "team"]
[EventRounds "9"]
[WhiteTeam "Aarhus Skolerne 2021"]
[BlackTeam "Bohemian Fire A"]

1. e4 c5 2. c3 Nf6 3. e5 Nd5 4. d4 cxd4 5. Nf3 Nc6 6. Bc4 Nb6 7. Bb3 d6 8. exd6
Qxd6 9. O-O d3 10. Na3 Bf5 11. Nb5 Qd8 12. Bf4 Rc8 13. Nfd4 Nxd4 14. Nxd4 Bg6
15. Re1 Qd7 16. h4 h5 17. Bg5 a6 18. Nf3 Qf5 19. Re5 Qd7 20. Re1 Qf5 21. Ne5 e6
22. Ba4+ Nxa4 23. Qxa4+ b5 24. Qxa6 1-0

[Event "European Online Chess Club Cup 2021 - G"]
[Site "Tornelo.com"]
[Date "2021.03.28"]
[Round "8.4"]
[White "Guliyev, Tofig"]
[Black "Meylan, Pierre"]
[Result "1-0"]
[WhiteElo "1699"]
[BlackElo "2053"]
[PlyCount "165"]
[EventDate "2021.03.27"]
[EventType "team"]
[EventRounds "9"]
[WhiteTeam "C'Chartres Echecs B"]
[BlackTeam "Cercle d'Echecs de Monte-Carlo 2"]

1. d4 Nf6 2. Nf3 c5 3. e3 cxd4 4. exd4 d5 5. Bd3 Nc6 6. h3 g6 7. O-O Bg7 8. c3
O-O 9. Bf4 Bf5 10. Qc2 e6 11. Bxf5 gxf5 12. Ne5 Rc8 13. Qd3 Ne7 14. Nd2 Ng6 15.
Nxg6 hxg6 16. Nf3 Ne4 17. Ne5 g5 18. Bh2 f4 19. f3 Nd6 20. g3 fxg3 21. Bxg3 Nf5
22. Kg2 Nxg3 23. Kxg3 Qc7 24. Rae1 f6 25. Qg6 fxe5 26. Rxe5 Qf7 27. Qxg5 Qf6
28. Qg4 Qf7 29. Rxe6 Rce8 30. Rd6 Qc7 31. Qd7 Qxd7 32. Rxd7 Rf7 33. Rxd5 Re2
34. Rf2 Re3 35. Rd8+ Kh7 36. d5 Kh6 37. c4 Be5+ 38. Kg2 Re1 39. f4 Bxf4 40.
Rd6+ Kh5 41. Rd8 Bc7 42. Rh8+ Kg6 43. Rg8+ Rg7 44. Rxg7+ Kxg7 45. c5 Rc1 46. b4
a5 47. d6 Bd8 48. a3 axb4 49. axb4 Rb1 50. Re2 Rxb4 51. Re8 Ba5 52. d7 Rd4 53.
Re7+ Kf6 54. d8=Q Bxd8 55. Rxb7 Rc4 56. Rb8 Be7 57. Rb6+ Ke5 58. c6 Kd5 59. Rb7
Bd6 60. Rb6 Bc7 61. Ra6 Rc3 62. Ra5+ Kxc6 63. Rf5 Rg3+ 64. Kf2 Rxh3 65. Rf6+
Kd5 66. Kg2 Ra3 67. Rf7 Be5 68. Rf8 Ke4 69. Rf7 Ra1 70. Rf8 Bf4 71. Re8+ Kf5
72. Rf8+ Kg4 73. Rg8+ Bg5 74. Kf2 Ra2+ 75. Ke1 Kf4 76. Rf8+ Kg3 77. Rg8 Kg4 78.
Kd1 Rd2+ 79. Ke1 Rb2 80. Kd1 Kf4 81. Rf8+ Ke3 82. Kc1 Rh2 83. Kb1 1-0

[Event "European Online Chess Club Cup 2021 - G"]
[Site "Tornelo.com"]
[Date "2021.03.28"]
[Round "9.4"]
[White "Teclaf, Pawel"]
[Black "Guliyev, Tofig"]
[Result "1-0"]
[WhiteElo "2507"]
[BlackElo "1699"]
[PlyCount "99"]
[EventDate "2021.03.27"]
[EventType "team"]
[EventRounds "9"]
[WhiteTeam "Poland Hussars"]
[BlackTeam "C'Chartres Echecs B"]

1. Nf3 d5 2. e3 c6 3. c4 Nf6 4. Nc3 g6 5. d4 Bg7 6. Be2 O-O 7. O-O Bf5 8. Qb3
Qb6 9. Qa3 Re8 10. Bd2 Nbd7 11. Rac1 e5 12. cxd5 Nxd5 13. Nxd5 cxd5 14. dxe5
Nxe5 15. Ba5 Bf8 16. Bxb6 Bxa3 17. Bd4 Bd6 18. Rfd1 Nxf3+ 19. Bxf3 Be4 20. Bc3
Bxf3 21. gxf3 Red8 22. Rd3 Rac8 23. Rcd1 Be7 24. Rxd5 b5 25. f4 Rxd5 26. Rxd5
b4 27. Bd4 a6 28. f5 f6 29. Kg2 Kf8 30. h4 Ke8 31. Ra5 Rc6 32. Kf3 Kd7 33. fxg6
hxg6 34. h5 gxh5 35. Rxh5 Rc1 36. Ra5 Rc6 37. Ke4 Bd8 38. Rd5+ Rd6 39. Rxd6+
Kxd6 40. Kf5 Kd5 41. Bxf6 Bc7 42. b3 a5 43. e4+ Kc6 44. e5 Kd7 45. e6+ Ke8 46.
f4 Bb6 47. Ke4 Kf8 48. f5 Bc7 49. Bd4 Ke7 50. Kd5 1-0